Recenzia na publikáciu Využívanie prieskumu trhu v podnikovej praxi

Enregistré dans:
Détails bibliographiques
Auteur principal: Štetka, Peter, 1986-
Format: Chapitre de livre
Langue:slovaque
Tags: Ajouter un tag
Pas de tags, Soyez le premier à ajouter un tag!

MARC

LEADER 00000nla a2200000 4500
001 0210698
005 20240502073517.8
041 0 |a slo 
044 |a SK 
245 1 0 |a Recenzia na publikáciu Využívanie prieskumu trhu v podnikovej praxi  |c Peter Štetka 
100 1 |a Štetka, Peter, 1986-